[Event "ROM-ch U10"]
[Site "Calimanesti"]
[Date "2014.04.12"]
[Round "8"]
[White "Serban, Cristian Stefan"]
[Black "Comisu, Stefan Iannis"]
[Result "1-0"]
[WhiteElo "1464"]
[BlackElo "1571"]
[PlyCount "114"]
[EventDate "2014.04.06"]
[EventType "swiss"]
[EventRounds "9"]
[EventCountry "ROU"]
[SourceTitle "CBM 160 Extra"]
[Source "ChessBase"]
[SourceDate "2014.07.01"]
[SourceVersion "1"]
[SourceVersionDate "2014.07.01"]
[SourceQuality "1"]

1. e4 c5 2. d4 cxd4 3. c3 Nc6 4. cxd4 d6 5. Nc3 e6 6. Nf3 Nf6 7. Bf4 a6 8. Bd3 Be7 9. 0-0 0-0 10. a3 Qc7 11. Rc1 Qd8 12. Qe2 Nd7 13. Rfd1 Re8 14. Qc2 Nf8 15. Ne2 d5 16. exd5 exd5 17. Ne5 Bd7 18. Nxd7 Qxd7 19. Bf5 Qd8 20. Nc3 Bf6 21. Be3 Ne7 22. Bh3 Nc6 23. Qb3 Na5 24. Qxd5 Qxd5 25. Nxd5 Ne6 26. Bxe6 fxe6 27. Nc7 Nb3 28. Rc3 Na5 29. Nxa8 Rxa8 30. Rdc1 Nc6 31. Rb3 Nxd4 32. Rb6 Kf7 33. b4 Nb3 34. Rc7+ Kg6 35. Rbxb7 Nd4 36. Bxd4 Bxd4 37. Kf1 Rf8 38. f3 Bb2 39. Re7 Kf5 40. Rb6 Bxa3 41. Rxg7 Bb2 42. Rxh7 Re8 43. g4+ Kg6 44. Rh5 Rc8 45. Kg2 Rc2+ 46. Kg3 Bc3 47. Rxe6+ Kf7 48. Rxa6 Be1+ 49. Kh3 Kg7 50. Rb5 Rc7 51. Rg5+ Kf7 52. Rag6 Bc3 53. Rh6 Rc8 54. Rf5+ Kg7 55. g5 Bxb4 56. Rb5 Bc5 57. Rb7+ Kg8 1-0

[Event "ROM-ch U10"]
[Site "Calimanesti"]
[Date "2013.04.05"]
[Round "5"]
[White "Craciun, Alexandru Emilian"]
[Black "Comisu, Stefan Iannis"]
[Result "1/2-1/2"]
[WhiteElo "1461"]
[BlackElo "1368"]
[PlyCount "129"]
[EventDate "2013.04.02"]
[EventType "swiss"]
[EventRounds "9"]
[EventCountry "ROU"]
[SourceTitle "CBM 153 Extra"]
[Source "ChessBase"]
[SourceDate "2013.04.22"]
[SourceVersion "1"]
[SourceVersionDate "2013.04.22"]
[SourceQuality "1"]

1. e4 d6 2. d4 Nd7 3. Nf3 e5 4. Bc4 Be7 5. 0-0 c6 6. Nc3 Ngf6 7. Ng5 0-0 8. f4 Qb6 9. Nf3 h6 10. Kh1 Qc7 11. Be3 Ng4 12. Qd2 Nb6 13. Bb3 Rd8 14. h3 Nxe3 15. Qxe3 exd4 16. Nxd4 Bf6 17. e5 dxe5 18. fxe5 Re8 19. Nf3 c5 20. Nd5 Nxd5 21. Bxd5 Bf5 22. Qb3 Bxe5 23. Nxe5 Rxe5 24. Rae1 Rae8 25. Rd1 Bg6 26. Bf3 b6 27. Bg4 R8e7 28. Qc3 Re3 29. Qd2 Kh7 30. Qf2 Qe5 31. c3 Bh5 32. Bf5+ g6 33. Bg4 Bxg4 34. hxg4 Re2 35. Qh4 Rxb2 36. Rde1 Qd5 37. Qg3 Rxe1 38. Rxe1 Rxa2 39. Rf1 a5 40. g5 h5 41. Rb1 Qe6 42. Qf3 a4 43. Rxb6 Qf5 44. Qxf5 gxf5 45. Rb5 a3 46. Rxc5 Ra1+ 47. Kh2 a2 48. Ra5 Kg6 49. c4 Kxg5 50. c5 Kg4 51. c6 f4 52. c7 Rc1 53. Rxa2 Rxc7 54. Rf2 Rc3 55. Rf1 f5 56. Rf2 f3 57. gxf3+ Rxf3 58. Rg2+ Kf4 59. Ra2 Re3 60. Rf2+ Ke4 61. Ra2 f4 62. Ra5 f3 63. Rxh5 f2 64. Kg2 Rf3 65. Kf1 1/2-1/2